Eight Word Hints for Eight Letter Films Quiz Stats

 Plays Quiz Updated Jul 23, 2019

Score 0/24 Timer 03:00
195 Plays Today
% Correct
King Kong
98.9%
Star Wars
97.4%
Cast Away
96.2%
Fantasia
93.7%
Twilight
91.3%
Anaconda
90.6%
War Horse
89.5%
Malcolm X
88.8%
Life of Pi
87%
Hannibal
84.9%
Clueless
83.2%
The Thing
75.7%
% Correct
The Alamo
74.6%
Airplane!
72.8%
Election
71.5%
True Grit
70%
Duck Soup
64.2%
Cape Fear
63.7%
High Noon
62.8%
Caligula
62.5%
Gaslight
58.4%
Rio Bravo
53.4%
Badlands
52.6%
Papillon
51.2%

You're not logged in!

Compare scores with friends on all Sporcle quizzes.
OR
Log In

Sporcle TV

Today on Sporcle TV


Watch our educational content, quiz creation guides, and fun videos on Sporcle TV.

Show Comments

Extras

Top Quizzes Today


Score Distribution

Your Account Isn't Verified!

In order to create a playlist on Sporcle, you need to verify the email address you used during registration. Go to your Sporcle Settings to finish the process.

Report this User

Report this user for behavior that violates our Community Guidelines.

Details: